Nimma Ahara: Bharatiya Ahara Samasyeya Vimarshe (Record no. 143032)
[ view plain ]
| 000 -LEADER | |
|---|---|
| fixed length control field | 00582nam a2200181Ia 4500 |
| 003 - CONTROL NUMBER IDENTIFIER | |
| control field | OSt |
| 005 - DATE AND TIME OF LATEST TRANSACTION | |
| control field | 20240417151842.0 |
| 008 - FIXED-LENGTH DATA ELEMENTS--GENERAL INFORMATION | |
| fixed length control field | 210210b1944 xxu||||| |||| 00| 0 eng d |
| 040 ## - CATALOGING SOURCE | |
| Transcribing agency | AL |
| 041 ## - LANGUAGE CODE | |
| Language code of text/sound track or separate title | Kannada |
| 082 ## - DEWEY DECIMAL CLASSIFICATION NUMBER | |
| Classification number | 852/413 |
| 100 ## - MAIN ENTRY--PERSONAL NAME | |
| Personal name | MINU MASANI ಮಿನೂ ಮಸಾನಿ |
| 9 (RLIN) | 161147 |
| 245 ## - TITLE STATEMENT | |
| Title | Nimma Ahara: Bharatiya Ahara Samasyeya Vimarshe |
| Remainder of title | ನಿಮ್ಮ ಆಹಾರ : ಭಾರತೀಯ ಆಹಾರ ಸಮಸ್ಯೆಯ ವಿಮರ್ಶೆ |
| 260 ## - PUBLICATION, DISTRIBUTION, ETC. | |
| Place of publication, distribution, etc. | BengaLuru |
| Name of publisher, distributor, etc. | - |
| Date of publication, distribution, etc. | 1944 |
| 690 ## - LOCAL SUBJECT ADDED ENTRY--TOPICAL TERM (OCLC, RLIN) | |
| Topical term or geographic name as entry element | Kannada Prose |
| 9 (RLIN) | 161148 |
| 906 ## - LOCAL DATA ELEMENT F, LDF (RLIN) | |
| a | 018982 |
| 942 ## - ADDED ENTRY ELEMENTS (KOHA) | |
| Source of classification or shelving scheme | Dewey Decimal Classification |
| Koha item type | Book |
| Withdrawn status | Lost status | Damaged status | Not for loan | Collection code | Home library | Current library | Shelving location | Date acquired | Cost, normal purchase price | Total Checkouts | Full call number | Barcode | Date last seen | Price effective from | Koha item type |
|---|---|---|---|---|---|---|---|---|---|---|---|---|---|---|---|
| St Aloysius Library | St Aloysius Library | 02/17/2021 | 0.00 | 852/413 | 018982 | 02/17/2021 | 02/17/2021 | Book |